Boxing Light-Welterweight Champions by Picture - Statistics

General Stats
  • This quiz has been taken 45 times
  • The average score is 32 of 118
Answer Stats
Picture Hint Answer % Correct
2005-2006 | 2007 Ricky Hatton
89%
2005 Floyd Mayweather Jr.
86%
2012-2015 Danny Garcia
82%
2012-2013 Juan Manuel Márquez
82%
2018 Mikey Garcia
82%
2004-2006 Miguel Cotto
79%
1987-1989 Roger Mayweather
79%
2015-2017 Terence Crawford
79%
1989-1994 | 1994-1996 Julio César Chávez
75%
2011-2012 Erik Morales
71%
2011-2012 Marcos Maidana
71%
1996-1997 Oscar De La Hoya
71%
1992-1993 Pernell Whitaker
71%
2000-2001 | 2003-2004 | 2011 Zab Judah
71%
2015-2016 Adrien Broner
68%
2004-2005 Arturo Gatti
68%
2019-Present Josh Taylor
68%
1988-1990 Meldrick Taylor
68%
2022-Present Regis Prograis
61%
2009-2012 Amir Khan
57%
1989-1991 | 1991-1992 Héctor Camacho
57%
1995-1997 | 1999-2005 Kostya Tszyu
57%
2008-2012 Timothy Bradley
57%
1980-1983 | 1984-1985 Aaron Pryor
50%
2023-Present Subriel Matías
46%
1976-1977 Wilfred Benítez
43%
1987 Terry Marsh
39%
1960-1962 | 1962-1963 Duilio Loi
36%
1985-1986 Lonnie Smith
36%
1972-1976 | 1977-1980 Antonio Cervantes
32%
1984-1985 Billy Costello
32%
1988 Buddy McGirt
32%
1994-1996 | 1996-1997 Frankie Randall
32%
2011-2015 Lamont Peterson
32%
1991-1992 Edwin Rosario
29%
1996-1998 Giovanni Parisi
29%
1987-1990 | 1993-1994 | 1996 Martín Coggi
29%
1980-1982 Saoul Mamby
29%
1983-1984 Bruce Curry
25%
2014 Chris Algieri
25%
2009-2011 Devon Alexander
25%
2018-2021 José Ramírez
25%
1982-1983 Leroy Haley
25%
2016-2017 Ricky Burns
25%
2022-Present Alberto Puello
21%
1933-1935 Barney Ross
21%
1959-1960 Carlos Ortiz
21%
1984-1985 Gene Hatcher
21%
2014-2015 Jessie Vargas
21%
1984 Johnny Bumphus
21%
2006-2008 Junior Witter
21%
1986-1987 Patrizio Oliva
21%
2007-2008 Paulie Malignaggi
21%
1966-1967 Sandro Lopopolo
21%
2017-2018 Sergey Lipinets
21%
2006-2007 Souleymane M'baye
21%
1931-1932 | 1933 Tony Canzoneri
21%
1986-1987 Tsuyoshi Hamada
21%
1985-1986 Ubaldo Néstor Sacco
21%
1970-1974 Bruno Acari
18%
2018-2019 Ivan Baranchyk
18%
1994-1995 Jake Rodríguez
18%
1986-1987 Joe Manley
18%
2016-2017 Julius Indongo
18%
2018-2019 Maurice Hooker
18%
1993-1994 Charles Murray
14%
2001-2003 DeMarcus Corley
14%
1986 Gary Hinton
14%
2007-2008 Gavin Rees
14%
1990-1991 Loreto Garza
14%
1992-1993 Morris East
14%
1999-2000 Randall Bailey
14%
1975-1976 | 1976-1978 Saensak Muangsurin
14%
2015-2016 Viktor Postol
14%
1997-1999 Vince Phillips
14%
1993-1994 Zack Padilla
14%
1992-1993 | 1998-1999 Carlos González
11%
2015-2016 Eduard Troyanovsky
11%
2008-2009 Kendall Holt
11%
2018-2019 Kiryl Relikh
11%
1968-1972 Nicolino Locche
11%
1968-1970 Pedro Adigue
11%
1986 | 1987 René Arredondo
11%
2006-2008 Ricardo Torres
11%
2013-2014 Ruslan Provodnikov
11%
2008-2009 Andreas Kotelnik
7%
2005 Carlos Maussa
7%
1965-1966 Carlos Morocho Hernández
7%
2015 César Cuenca
7%
2002 Diosbelys Hurtado
7%
1962 | 1963-1965 Eddie Perkins
7%
2000-2001 Ener Julio
7%
1930-1932 Jack Kid Berg
7%
2006-2007 | 2009-2010 Juan Urango
7%
2012-2014 Khabib Allakhverdiev
7%
2007 Lovemore N'dou
7%
2013 Mike Alvarado
7%
1923-1925 Pinky Mitchell
7%
1998-2001 Sharmba Mitchell
7%
1967-1968 Takeshi Fuji
7%
1999-2000 Terron Millett
7%
2002-2005 Vivian Harris
7%
1972 Alfonso Frazer
4%
1991 Greg Hausen
4%
1997-1998 Khalid Rahilou
4%
1974-1975 Perico Fernández
4%
1991-1992 Rafael Pineda
4%
1946 Tippy Larkin
4%
1992 Akinobu Hiranaka
0%
1933 Battling Shaw
0%
1925 James Red Herring
0%
1932-1933 Johnny Jadick
0%
1978-1980 Kim Sang-hyun
0%
1976 Miguel Velasquez
0%
1926-1930 Mushy Callahan
0%
1963 Roberto Cruz
0%
1995-1996 Sammy Fuentes
0%
1932-1933 Sammy Fuller
0%
No matching quizzes found
Score Distribution
Percent of People with Each Score
Percentile by Number Answered
Your Score History
You have not taken this quiz